1532 1920 1143 1958 1737 1211 1572 1156 1136 1047 1733 1727 1710 1146 1025 1376 1140 1126 1907 1345 1831 1070 1388 1281 1316 1631 1966 1442 1664 1826 1967 1247 1497 1389 1457 1048 1292 1690 1346 1205 1299 1711 1193 1940 1742 1547 1968 1815 1167 1869 1939 1912 1036 1912 1573 1045 1953 1136 1910 1003 1842 1360 1344 1273 1378 1135 1060 1548 1649 1480 1576 1093 1281 1674 1305 1842 1227 1956 1376 1082 1372 1071 1266 1529 1078 1137 1534 1181 1460 1005 1532 1913 1049 1330 1097 1179 1632 1901 1869 BCNSPRNW ULIB Ver.6.0+V

เปลี่ยนเป็นภาษาไทย

Change to English
 แสดงรายละเอียดบรรณานุกรม
  กลับหน้าหลัก

Brief Record : Get Marc (ISO 2709) : E-mail record : QR code < ปิดหน้าต่าง
LEADER : 00000nam 2200000uu 4500
001    13399107748
003     ULIB
008    110202s2552||||th 000 0 tha d
020    9876165510042(8)
060  4 WQ100^bท359O ล.8 2552
245 10 Ob&Gyn update & practical 8 /^cบรรณาธิการ อรรณพ ใจสำราญ,วิชัย เติมรุ่งเรืองเลิศ
250    พิมพ์ครั้งที่ 1
260    กรุงเทพฯ:^bบริษัท คอนเซ็พท์ เมดิคัส จำกัด.,^c2552
300    174 หน้า :^bภาพประกอบ ;^c30 ซม.
650  7 การตั้งครรภ์
650  7 นรีเวชวิทยา
650  7 ภาวะการมีบุตรยาก
650  7 มะเร็งปากมดลูก
650  7 ยาเม็ดคุมกำเนิด
650  7 สูติศาสตร์
700 0  อรรณพ ใจสำราญ,^eบรรณาธิการ
700 0  วิชัย เติมรุ่งเรืองเลิศ,^eบรรณาธิการ
945    ^p280^l0^i029465
945    ^p280^l0^i029464
945    ^p280^l0^i029466
995    ทศพร
999 ^a ใช้งานได้ทุกระบบ
รายการนี้ยังไม่มีแท็ก
คุณยังไม่ได้ล็อกอิน คุณสามารถมีกิจกรรมร่วมกับเว็บไซต์ได้ แต่ต้องล็อกอินก่อน ::
  ล็อกอิน

รายการสื่อสารสนเทศ

ลำดับที่ ประเภท เลขเรียก/บาร์โค้ด สถานที่ สถานะ
1. วิทยาศาสตร์การแพทย์ และสุขภาพ
วิทยาศาสตร์การแพทย์ และสุขภาพ
สถานะ=หาย
WQ100 ท359O ล.8 2552 ฉ.2 
  Barcode: 029465
ห้องสมุดวิทยาเขตสวรรค์ประชารักษ์
►หนังสือทั่วไป
บนชั้น

รายการใกล้เคียง
    หัวเรื่อง [การตั้งครรภ์]
    หัวเรื่อง [นรีเวชวิทยา]
    หัวเรื่อง [ภาวะการมีบุตรยาก]
    หัวเรื่อง [มะเร็งปากมดลูก]
    หัวเรื่อง [ยาเม็ดคุมกำเนิด]
    หัวเรื่อง [สูติศาสตร์]

BibComment


ยังไม่เคยถูกคอมเมนท์

คอมเมนท์ทรัพยากรรายการนี้
  คอมเมนท์: ObGyn update pra..


 Copyright 2026. Bcnsprnw @Library